Shapes Of Countries In Asia - Statistics

General Stats
  • This quiz has been taken 219 times
  • The average score is 14 of 16
Answer Stats
Picture Answer % Correct
China
99%
India
99%
Indonesia
99%
Japan
95%
Myanmar
95%
Nepal
94%
Philippines
93%
Bangladesh
92%
Pakistan
91%
Malaysia
89%
Mongolia
89%
Afghanistan
87%
Kazakhstan
83%
Singapore
79%
South Korea
79%
Bhutan
68%
No matching quizzes found
Score Distribution
Percent of People with Each Score
Percentile by Number Answered
Your Score History
You have not taken this quiz